000 00654nam a2200217Ii 4500
001 19979
003 CO-ViMGA
008 241108s9999||||xx |||||||||||||| ||und||
020 _a9789584434869
040 _aCO-ViMGA
_bspa
_erda
_cCO-ViMGA
041 0 _aspa
082 0 4 _a811.44 E74s
100 1 _aPedro René Eslava Mocha
_951228
245 1 0 _aSin epitafios...
264 1 _aBogotá, Colombia : Editorial Juan XXIII, [Fecha de publicación no identificada]
300 _avolumen
336 _atext
_btxt
_2rdacontent
337 _aunmediated
_bn
_2rdamedia
338 _avolume
_bnc
_2rdacarrier
940 _aidficha_siabuc: 19635. -- ficha_no_siabuc:19979
999 _c45938
_d45938